| 000 | 01045nam a2200265Ia 4500 | ||
|---|---|---|---|
| 001 | ebr10447994 | ||
| 003 | CaPaEBR | ||
| 006 | m u | ||
| 007 | cr cn||||||||| | ||
| 008 | 010918s2010 xx a sb 001 0 eng d | ||
| 020 | _z9781608051663 (ebook) | ||
| 040 |
_aCaPaEBR _cCaPaEBR |
||
| 035 | _a(OCoLC)708569320 | ||
| 050 | 1 | 4 |
_aTK7895.E42 _bX8 2010eb |
| 100 | 1 | _aXu, De. | |
| 245 | 1 | 0 |
_aEmbedded visual system and its applications on robots _h[electronic resource] / _cby De Xu. |
| 260 |
_a[S.l.] : _bBentham e Books, _c[2010] |
||
| 300 |
_aiii, 134 p. : _bill. |
||
| 504 | _aIncludes bibliographial references and index. | ||
| 533 |
_aElectronic reproduction. _bPalo Alto, Calif. : _cebrary, _d2011. _nAvailable via World Wide Web. _nAccess may be limited to ebrary affiliated libraries. |
||
| 650 | 0 | _aEmbedded computer systems. | |
| 650 | 0 | _aRobotics. | |
| 655 | 7 |
_aElectronic books. _2local |
|
| 856 | 4 | 0 |
_uhttp://site.ebrary.com/lib/rucke/Doc?id=10447994 _zAn electronic book accessible through the World Wide Web; click to view |
| 999 |
_c137164 _d137164 |
||